<?xml version="1.0" encoding="UTF-8"?>
<record
    xmlns:xsi="http://www.w3.org/2001/XMLSchema-instance"
    xsi:schemaLocation="http://www.loc.gov/MARC21/slim http://www.loc.gov/standards/marcxml/schema/MARC21slim.xsd"
    xmlns="http://www.loc.gov/MARC21/slim">

  <leader>00773cam a2200289 i 4500</leader>
  <datafield tag="999" ind1=" " ind2=" ">
    <subfield code="c">7136</subfield>
    <subfield code="d">7136</subfield>
  </datafield>
  <datafield tag="020" ind1=" " ind2=" ">
    <subfield code="a">4717702083199 :</subfield>
    <subfield code="c">NT$250</subfield>
  </datafield>
  <datafield tag="100" ind1="1" ind2=" ">
    <subfield code="a">&#x9673;&#x5149;,</subfield>
  </datafield>
  <datafield tag="245" ind1="1" ind2="0">
    <subfield code="a">&#x8B93;&#x9322;&#x81EA;&#x5DF1;&#x6D41;&#x9032;&#x4F86; /</subfield>
    <subfield code="c">&#x9673;&#x5149;, &#x5F35;&#x666F;&#x5BCC;&#x4F5C;</subfield>
  </datafield>
  <datafield tag="250" ind1=" " ind2=" ">
    <subfield code="a">&#x521D;&#x7248;</subfield>
  </datafield>
  <datafield tag="260" ind1=" " ind2=" ">
    <subfield code="a">&#x81FA;&#x5317;&#x5E02; :</subfield>
    <subfield code="b">&#x5E03;&#x514B;&#x6587;&#x5316;,</subfield>
    <subfield code="c">2013.04</subfield>
  </datafield>
  <datafield tag="300" ind1=" " ind2=" ">
    <subfield code="a">170&#x9762; ;</subfield>
    <subfield code="c">21&#x516C;&#x5206;</subfield>
  </datafield>
  <datafield tag="490" ind1="0" ind2=" ">
    <subfield code="a">&#x5E03;&#x514B;&#x5B78;&#x7FD2; ;</subfield>
    <subfield code="v">14.</subfield>
  </datafield>
  <datafield tag="500" ind1=" " ind2=" ">
    <subfield code="a">&#x767D;&#x91D1;&#x7CBE;&#x88DD;&#x7248;</subfield>
  </datafield>
  <datafield tag="942" ind1=" " ind2=" ">
    <subfield code="2">ccl</subfield>
    <subfield code="c">BOOK</subfield>
  </datafield>
  <datafield tag="952" ind1=" " ind2=" ">
    <subfield code="0">0</subfield>
    <subfield code="1">0</subfield>
    <subfield code="2">ccl</subfield>
    <subfield code="4">0</subfield>
    <subfield code="7">0</subfield>
    <subfield code="a">yeezen</subfield>
    <subfield code="b">yeezen</subfield>
    <subfield code="d">2020-10-20</subfield>
    <subfield code="l">11</subfield>
    <subfield code="m">6</subfield>
    <subfield code="o">561.014</subfield>
    <subfield code="p">C02727</subfield>
    <subfield code="r">2025-12-23 00:00:00</subfield>
    <subfield code="s">2025-12-19</subfield>
    <subfield code="w">2020-10-20</subfield>
    <subfield code="y">BOOK</subfield>
    <subfield code="z">&#x793E;&#x6703;&#x7D50;&#x69CB;&#x6B63;&#x5728;&#x6539;&#x8B8A;&#xFF0C;&#x5982;&#x679C;&#x4F60;&#x5DF2;&#x7D93;&#x8B80;&#x904E;&#x5927;&#x524D;&#x7814;&#x4E00;&#x7684;&#x300A;M&#x578B;&#x793E;&#x6703;&#x300B;&#xFF0C;&#x90A3;&#x4F60;&#x662F;&#x5426;&#x5DF2;&#x7D93;&#x767C;&#x73FE;&#x81EA;&#x5DF1;&#x6B63;&#x5411;&#x54EA;&#x4E00;&#x908A;&#x8D70;&#x53BB;&#xFF1F;&#x5BCC;&#x6709;&#x548C;&#x8CA7;&#x7AAE;&#x53EA;&#x6709;&#x4E00;&#x7DDA;&#x4E4B;&#x9694;&#x3002;&#x3000;&#x56E0;&#x70BA;&#x6709;&#x9322;&#x4EBA;&#x662F;&#x53EF;&#x4EE5;&#x6559;&#x51FA;&#x4F86;&#x7684;&#xFF0C;&#x56E0;&#x70BA;&#x8166;&#x888B;&#x6703;&#x6C7A;&#x5B9A;&#x4F60;&#x7684;&#x53E3;&#x888B;&#xFF0C;&#x6240;&#x4EE5;&#x6C92;&#x6709;&#x4EC0;&#x9EBC;&#x6703;&#x6BD4;&#x6709;&#x8A08;&#x756B;&#x7684;&#x7D93;&#x71DF;&#x4F60;&#x7684;&#x751F;&#x547D;&#x66F4;&#x91CD;&#x8981;&#xFF0C;&#x56E0;&#x6B64;&#x4F60;&#x4E0D;&#x80FD;&#x4E0D;&#x8B80;&#x9019;&#x4E00;&#x672C;&#x66F8;&#x3002;</subfield>
  </datafield>
</record>
